000 00421nam a2200157Ia 4500
008 230718s9999 xx 000 0 und d
041 _aeng
082 _a658
_bSWI
100 _aSwiss D.J.
_9186893
245 _aMale Mind At Work A Womans Guide To Working With Men
260 _c2000
_bPerseus
300 _a240
365 _cRs.
_b946.00
700 _aSwiss D.J.
_9186893
906 _dB:618120-Oct-2000
_cARCHIT
_b141.9
999 _c300797
_d300797